000 00728nam a2200193 a 4500
003 0
005 20250411095441.0
008 060724s19uu xx 00 eng d
050 _aPHS TP 248.27.P55
_b.B35 2006
100 _aBaldonado, Denise Lois R.
245 _aThe Effectiveness of Akapulko (Cassia alata l.) seeds as a nematocide /
_cDenise Lois R. Baldonado.
260 _aLas PiƱas City, Philippines :
_bSouthville International School and Colleges,
_c2006.
300 _a32 pages :
_billustrations ;
_c28 cm.
504 _aIncludes bibliographical references.
650 _aCassia alata
_xPesticidal properties.
650 _aNematodes
_xControl.
650 _aPlant extracts
_xNematocidal activity.
942 _2lcc
_cPASS
999 _c97572
_d97572